The world book encyclopedia; Vol. 20. (Record no. 1055)

000 -LEADER
fixed length control field 00789nam a2200205 a 4500
001 - CONTROL NUMBER
control field :::00017038$&:&@@
003 - CONTROL NUMBER IDENTIFIER
control field OkBaRHE
005 - DATE AND TIME OF LATEST TRANSACTION
control field 20100326125636.0
008 - FIXED-LENGTH DATA ELEMENTS--GENERAL INFORMATION
fixed length control field s1987 j 000 0 eng u
020 ## - INTERNATIONAL STANDARD BOOK NUMBER
International Standard Book Number 0716600870 (set)
040 ## - CATALOGING SOURCE
Transcribing agency
245 14 - TITLE STATEMENT
Title The world book encyclopedia; Vol. 20.
260 ## - PUBLICATION, DISTRIBUTION, ETC. (IMPRINT)
Place of publication, distribution, etc Chicago, IL., :
Name of publisher, distributor, etc World Book
Date of publication, distribution, etc 1987
300 ## - PHYSICAL DESCRIPTION
Extent v. (1-22) : illus. (some col.) ;
Dimensions 26 cm.
520 ## - SUMMARY, ETC.
Summary, etc An encyclopedia designed especially to meet the needs of elementary, junior high, and senior high school students.
650 ## - SUBJECT ADDED ENTRY--TOPICAL TERM
Topical term or geographic name as entry element Encyclopedias and Dictionaries
700 ## - ADDED ENTRY--PERSONAL NAME
Personal name World Book, Inc.
942 ## - ADDED ENTRY ELEMENTS (KOHA)
Source of classification or shelving scheme
Koha item type Books
Copies
Copy number Permanent Location Lost status Not for loan Date acquired Koha item type Shelving location Barcode Full call number Price effective from Collection code Source of classification or shelving scheme Damaged status Withdrawn status Date last seen Current Location
1RHEMA Bible Training College  2010-04-14BooksGeneral Stacks17038AE 5 .W55 v.20 19872010-04-14Reference   2018-01-09RHEMA Bible Training College